| 000 | 00694nam a22001817a 4500 | ||
|---|---|---|---|
| 999 |
_c63149 _d63149 |
||
| 003 | Ge_BSU | ||
| 005 | 20250612103623.0 | ||
| 008 | 250612s2023 ge ||||| |||| 00| 0 geo d | ||
| 041 | _ageo | ||
| 080 | _a821.353.1-1 ბ-29 | ||
| 100 |
_aბასილაძე, ნოდარ _925390 |
||
| 245 |
_aსიყვარულმა მათქმევინა _b[ლექსები] / _cნოდარ ბასილაძე; რედ. ც. ანთაძე. |
||
| 264 |
_aბათუმი, _c2023. |
||
| 300 |
_a98 გვ.; _b20 სმ. |
||
| 653 | _aლექსები | ||
| 700 |
_aანთაძე, ც. _eრედაქტორი _94064 |
||
| 942 |
_2udc _cᲬᲘᲒᲜᲘ |
||